000 00450nam a22001817a 4500
999 _c10580
_d10580
003 OSt
008 210326b ||||| |||| 00| 0 eng d
020 _a9789383635825
082 _a615,19VIP
100 _aVIDYADHARA,Suryadevara
245 _aPhysical Pharmaceutics-1
250 _a3rd Reprint
260 _aHyderabad
_bPharma Med Press
_c2020
300 _a264
650 _aPharmaceutics
700 _aJANGA,Ramesh Babu
942 _2ddc
_cBK
_03